| 000 -ლიდერი |
| ფიქსირებული სიგრძის საკონტროლო ველი |
01417nam a22002177a 4500 |
| 003 - საკონტროლო ნომრის იდენტიფიკატორი |
| საკონტროლო ველი |
Ge_BSU |
| 005 - ბოლო ოპერაციის თარიღი და დრო |
| საკონტროლო ველი |
20230529145126.0 |
| 008 - ფიქსირებული სიგრძის მონაცემთა ელემენტები - ზოგადი ინფორმაცია |
| ფიქსირებული სიგრძის საკონტროლო ველი |
230529s2005 ge ||||| |||| 00| 0 geo d |
| 020 ## - წიგნის საერთაშორისო სტანდარტული ნომერი |
| International Standard Book Number |
9994011936 |
| 041 ## - ენის კოდი |
| Language code of text/sound track or separate title |
geo |
| 080 ## - უნივერსალური ათობითი კლასიფიკაციის ინდექსი |
| Universal Decimal Classification number |
336.74(479.22)(09) ლ-82 |
| 100 ## - მთავარი ჩანაწერი - პიროვნების სახელი |
| Personal name |
ლომოური, თამარ |
| 9 (RLIN) |
18267 |
| 245 ## - ცნობა სათაურის შესახებ |
| Title |
ფულის მიმოქცევის ისტორიისათვის შუა საუკუნეების საქართველოში = On the history of monetary circulation in medieval Georgia : |
| Remainder of title |
[სტატიები] / |
| Statement of responsibility, etc |
თამარ ლომოური ; რედ.: თინათინ ქუთელია ; საქ. ეროვნ. მუზეუმი, ს. ჯანაშიას სახ. საქ. მუზეუმი. |
| 264 ## - წარმოების, გამოცემის, დისტრიბუციის და სხვა ცნობები |
| გამოცემის, წარმოების, დისტრიბუციის... ადგილი |
თბილისი : |
| გამოცემის, წარმოების, დისტრიბუციის... სახელწოდება |
არტანუჯი, |
| გამოცემის, წარმოების, დისტრიბუციის... თარიღი |
2005. |
| 300 ## - ფიზიკური აღწერა |
| Extent |
151 გვ. : |
| Other physical details |
ცხრ. ; |
| Dimensions |
29 სმ. |
| 504 ## - BIBLIOGRAPHY, ETC. NOTE |
| Bibliography, etc |
ბიბლიოგრ. ტექსტ. შენიშვნ. |
| 653 ## - INDEX TERM--UNCONTROLLED |
| Uncontrolled term |
ფულის მიმოქცევის ისტორია საქართველოში |
| 700 ## - ADDED ENTRY--PERSONAL NAME |
| Personal name |
ქუთელია, თინათინ |
| Relator term |
რედაქტორი |
| 9 (RLIN) |
18162 |
| 710 ## - ADDED ENTRY--CORPORATE NAME |
| Corporate name or jurisdiction name as entry element |
საქ. ეროვნ. მუზეუმი |
| Subordinate unit |
ს. ჯანაშიას სახ. საქ. მუზეუმი. |
| 9 (RLIN) |
18268 |
| 942 ## - ADDED ENTRY ELEMENTS (KOHA) |
| Source of classification or shelving scheme |
|
| Koha item type |
წიგნი |